Musical ritual in Mexico City : (Registro nro. 4446)
[ vista simple ]
| 000 -CABECERA | |
|---|---|
| campo de control de longitud fija | 00911nam a2200253 a 4500 |
| 001 - NÚMERO DE CONTROL | |
| campo de control | 000004639 |
| 005 - FECHA Y HORA DE LA ÚLTIMA TRANSACCIÓN | |
| campo de control | 20200929151456.0 |
| 008 - DATOS DE LONGITUD FIJA--INFORMACIÓN GENERAL | |
| campo de control de longitud fija | 090724s2004 xxua 001 0 spa d |
| 020 ## - NÚMERO INTERNACIONAL ESTÁNDAR DEL LIBRO | |
| Número Internacional Estándar del Libro | 0292702310 |
| 040 ## - FUENTE DE LA CATALOGACIÓN | |
| Centro catalogador/agencia de origen | DO-SdBNP |
| 082 ## - NÚMERO DE LA CLASIFICACIÓN DECIMAL DEWEY | |
| Número de clasificación | 780.972 |
| Número de documento/Ítem | P371m |
| 049 ## - FONDOS LOCALES (OCLC) | |
| Fondos de biblioteca | BNPD |
| 100 1# - ENTRADA PRINCIPAL--NOMBRE DE PERSONA | |
| Nombre de persona | Pedelty, Mark |
| 9 (RLIN) | 13523 |
| 245 10 - MENCIÓN DE TÍTULO | |
| Título | Musical ritual in Mexico City : |
| Resto del título | from de Aztec to nafta / |
| Mención de responsabilidad, etc. | Mark Pedelty. |
| 260 ## - PUBLICACIÓN, DISTRIBUCIÓN, ETC. | |
| Lugar de publicación, distribución, etc. | Austin, Texas : |
| Nombre del editor, distribuidor, etc. | University of Texas Press, |
| Fecha de publicación, distribución, etc. | 2004. |
| 300 ## - DESCRIPCIÓN FÍSICA | |
| Extensión | 340 p. : |
| Otras características físicas | il. ; |
| Dimensiones | 24 cm. |
| 500 ## - NOTA GENERAL | |
| Nota general | Incluye índice |
| 500 ## - NOTA GENERAL | |
| Nota general | Incluye referencias bibliográficas ( p. 321-333) |
| 650 #4 - PUNTO DE ACCESO ADICIONAL DE MATERIA--TÉRMINO DE MATERIA | |
| Término de materia o nombre geográfico como elemento de entrada | Música |
| Subdivisión geográfica | México |
| Subdivisión general | Historia y crítica |
| 9 (RLIN) | 13524 |
| 650 #4 - PUNTO DE ACCESO ADICIONAL DE MATERIA--TÉRMINO DE MATERIA | |
| Término de materia o nombre geográfico como elemento de entrada | Música |
| Subdivisión general | Aspectos religiosos |
| 9 (RLIN) | 13525 |
| 650 #4 - PUNTO DE ACCESO ADICIONAL DE MATERIA--TÉRMINO DE MATERIA | |
| Término de materia o nombre geográfico como elemento de entrada | Ritos y cereminias |
| Subdivisión geográfica | México |
| 9 (RLIN) | 13526 |
| 651 #4 - PUNTO DE ACCESO ADICIONAL DE MATERIA--NOMBRE GEOGRÁFICO | |
| Nombre geográfico | Ciudad De México (México{Rpara} |
| Subdivisión general | Civilización |
| 9 (RLIN) | 13527 |
| 651 #4 - PUNTO DE ACCESO ADICIONAL DE MATERIA--NOMBRE GEOGRÁFICO | |
| Nombre geográfico | Ciudad De México (México{Rpara} |
| Subdivisión general | Vida Social Y Costumbres |
| 9 (RLIN) | 13528 |
| Estado de retiro | Estado de pérdida | Restricciones de uso | No para préstamo | Código de colección | Localización permanente | Ubicación/localización actual | Ubicación en estantería | Fecha de adquisición | Número de inventario | Total de préstamos | Signatura topográfica completa | Código de barras | Fecha visto por última vez | Precio válido a partir de | Tipo de ítem Koha |
|---|---|---|---|---|---|---|---|---|---|---|---|---|---|---|---|
| Préstamo interno | Monografías: Libros y Folletos | General | General | En catalogación | 24.07.2009 | LF1 | 780.972 P371m | 4639-10 | 25.06.2020 | 25.06.2020 | Préstamo interno |
